| 000 | 01402nam a2200253Ii 4500 | ||
|---|---|---|---|
| 003 | JO-AjNU | ||
| 005 | 20240625133052.0 | ||
| 008 | 230605s9999||||xx |||||||||||||| ||und|| | ||
| 040 |
_aJO-AjNU _bara _erda _cJO-AjNU |
||
| 041 | _aara | ||
| 050 | 1 | 4 | _aHD58.95.2022 |
| 100 | 1 |
_aالخرابشة ، صفاء نعيم محمد _eمعد _965667 |
|
| 245 | 0 | 0 |
_aاثر البنية التحتية الرقمية على اداء العاملين في المؤسسة العامة للضمان الاجتماعي في ضل جائحة كورونا في الاردن = The Impact of Digital Infrastructure on the Employees Performance in Social Security Corporation in Light of the Corona Pandemic in Jordan / _cاعداد صفاء نعيم محمد الخرابشة ؛ إشراف محمود علي الروسان ؛ خالد محمد ذيابات |
| 260 | _c2022 | ||
| 300 | _a115ورقة | ||
| 336 |
_atext _btxt _2rdacontent |
||
| 337 |
_aunmediated _bn _2rdamedia |
||
| 338 |
_avolume _bnc _2rdacarrier |
||
| 500 | _aرسالة جامعية(اطروحة ماجستير) تخصص ادارة الاعمال/كلية ادارة الاعمال، جامعة عجلون الوطنية، 2022 | ||
| 650 | 4 |
_aاداء العاملين-مؤسسة الضمان _962402 |
|
| 700 | 1 |
_aالروسان، محمود علي _eمشرف _965363 |
|
| 700 | 1 |
_aالذيابات، خالد محمد _965563 |
|
| 942 |
_2lcc _cTHS |
||
| 999 |
_c31823 _d31823 |
||